Alle Spieler des 1. FC Köln seit 2010 - Statistiken

Allgemein
  • Dieses Quiz wurde 153 mal gespielt
  • Das Durchschnittsergebnis liegt bei 60 aus 167
Antwortstatistiken
Position Einsätze Nation Spieler % Korrekt
Abwehr 78 Deutschland Jannes Horn
95%
Torwart 330 Deutschland Timo Horn
95%
Torwart 129 Deutschland Marvin Schwäbe
94%
Abwehr 347 Deutschland Jonas Hector
92%
Angriff 157 Frankreich Anthony Modeste
89%
Angriff 65 Deutschland Lukas Podolski
86%
Abwehr 126 Deutschland Timo Hübers
79%
Mittelfeld 189 Österreich Florian Kainz
76%
Abwehr 152 Deutschland Dominique Heintz
72%
Mittelfeld 133 Tunesien Ellyes Skhiri
72%
Torwart 14 Kolumbien Faryd Mondragon
72%
Mittelfeld 128 Türkei Salih Özcan
72%
Angriff 42 USA/Deutschland Damion Downs
70%
Abwehr 1 Deutschland/Türkei Mikail Özkan
70%
Torwart 21 Deutschland Thomas Kessler
70%
Angriff 102 Nigeria Anthony Ujah
66%
Angriff 86 Kolumbien Jhon Córdoba
66%
Angriff 51 Slowenien Milivoje Novakovic
65%
Angriff 120 Japan Yuya Osako
65%
Angriff 6 Deutschland Maximilian Thiel
64%
Angriff 60 Armenien Sargis Adamyan
64%
Angriff 45 Guinea Serhou Guirassy
64%
Torwart 11 Deutschland Jonas Urbig
63%
Mittelfeld 122 Österreich Dejan Ljubicic
62%
Angriff 78 Deutschland Mark Uth
62%
Angriff 47 Schweden Sebastian Andersson
61%
Angriff 82 Deutschland Simon Terodde
61%
Angriff 59 Deutschland Tim Lemperle
61%
Mittelfeld 92 Bosnien-Herzegowina Denis Huseinbasic
60%
Mittelfeld 158 Deutschland Jan Thielmann
60%
Abwehr 57 Belgien Sebastiaan Bornauw
60%
Mittelfeld 101 Deutschland Eric Martel
59%
Angriff 105 Deutschland Linton Maina
59%
Abwehr 154 Slowenien Miso Brecko
57%
Angriff 81 Deutschland Steffen Tigges
57%
Abwehr 96 Spanien Jorge Meré
56%
Abwehr 57 Brasilien Pedro Geromel
56%
Abwehr 67 Kanada Kevin McKenna
55%
Torwart 1 Deutschland Ron-Robert Zieler
55%
Angriff 16 Peru Claudio Pizarro
54%
Abwehr 54 Kosovo Leart Pacarada
54%
Mittelfeld 88 Slowakei Ondrej Duda
53%
Torwart 50 Deutschland Michael Rensing
52%
Abwehr 142 Deutschland Benno Schmitz
51%
Abwehr 156 Slowenien Dominic Maroh
51%
Abwehr 100 Dänemark Frederik Sörensen
51%
Mittelfeld 163 Deutschland Marcel Risse
51%
Angriff 57 Deutschland Luca Waldschmidt
50%
Mittelfeld 48 Luxemburg Mathias Olesen
50%
Abwehr 40 Deutschland Max Finkgräfe
50%
Abwehr 13 Schweiz Joel Schmied
49%
Abwehr 67 Deutschland Luca Kilian
49%
Abwehr 61 Deutschland Jeff Chabot
48%
Angriff 28 Deutschland Patrick Helmes
48%
Abwehr 77 Polen Pawel Olkowski
48%
Mittelfeld 72 Serbien Milos Jojic
46%
Abwehr 50 Russland Konstantin Rausch
45%
Mittelfeld 76 Deutschland Leonardo Bittencourt
43%
Mittelfeld 188 Deutschland Matthias Lehmann
43%
Torwart 2 Deutschland Sven Müller
43%
Mittelfeld 47 Senegal/Deutschland Ismail Jakobs
42%
Mittelfeld 24 Portugal Petit
42%
Angriff 22 Lettland Artjoms Rudnevs
41%
Angriff 38 Deutschland Davie Selke
41%
Angriff 90 Polen Slawomir Peszko
41%
Mittelfeld 8 Dänemark Jacob Christensen
40%
Abwehr 12 Bosnien-Herzegowina Jusuf Gazibegovic
40%
Mittelfeld 106 Deutschland Marco Höger
40%
Angriff 27 Deutschland Florian Dietz
39%
Mittelfeld 78 Deutschland Yannick Gerhardt
39%
Abwehr 20 Deutschland Julian Pauli
38%
Abwehr 73 Österreich Kevin Wimmer
38%
Mittelfeld 70 Ghana Kingsley Schindler
38%
Mittelfeld 12 Deutschland Max Meyer
38%
Angriff 45 Marokko Adil Chihi
37%
Angriff 10 Bosnien-Herzegowina Imad Rondic
37%
Mittelfeld 27 Frankreich Vincent Koziello
37%
Abwehr 3 Deutschland Yann Bisseck
37%
Abwehr 31 Libanon Youssef Mohamad
37%
Abwehr 76 Niederlande Kingsley Ehizibue
35%
Abwehr 46 Albanien Mergim Mavraj
35%
Angriff 150 Deutschland Christian Clemens
33%
Angriff 9 Deutschland Justin Diehl
33%
Abwehr 28 Dänemark Rasmus Carstensen
33%
Angriff 91 Deutschland Simon Zoller
33%
Abwehr 45 Deutschland Noah Katterbach
32%
Abwehr 111 Deutschland Rafael Czichos
31%
Angriff 1 Deutschland Maximilian Schmid
30%
Mittelfeld 70 Österreich Louis Schaub
29%
Abwehr 33 Deutschland Lukas Klünter
29%
Angriff 11 Nordkorea Chong Tese
28%
Mittelfeld 95 Deutschland Dominick Drexler
28%
Abwehr 11 Kroatien Nikola Soldo
28%
Angriff 22 Norwegen Bard Finne
27%
Angriff 15 Griechenland Dimitrios Limnios
27%
Abwehr 60 Deutschland Kevin Vogt
27%
Angriff 7 Deutschland Marvin Obuz
27%
Mittelfeld 98 Bosnien-Herzegowina Mato Jajalo
27%
Mittelfeld 24 Japan Kazuki Nagasawa
26%
Abwehr 3 Deutschland Elias Bakatukanda
25%
Mittelfeld 64 Deutschland Martin Lanig
25%
Abwehr 23 Frankreich Fabrice Ehret
24%
Mittelfeld 35 Deutschland Marius Wolf
24%
Abwehr 3 Deutschland Neo Telle
24%
Abwehr 12 Serbien Neven Subotic
24%
Mittelfeld 10 Belgien Birger Verstraete
23%
Mittelfeld 46 Kosovo Elvis Rexhbecaj
23%
Angriff 11 Nigeria Tolu Arokodare
23%
Angriff 10 Nigeria Emmanuel Dennis
22%
Abwehr 1 Deutschland Mitchell Weiser
22%
Abwehr 66 Deutschland Christian Eichner
21%
Angriff 9 Brasilien Deyverson
21%
Angriff 1 Slowenien Jaka Cuber Potocnik
21%
Abwehr 18 Deutschland Lasse Sobiech
21%
Abwehr 13 Deutschland Toni Leistner
21%
Angriff 26 Deutschland Faride Alidou
20%
Abwehr 39 Deutschland Kevin Pezzoni
20%
Torwart 9 Kroatien Miro Varvodic
20%
Angriff 14 Österreich Stefan Maierhofer
19%
Abwehr 14 Dänemark Kristian Pedersen
18%
Angriff 19 Schweden Mikael Ishak
18%
Angriff 40 Deutschland Thomas Bröker
18%
Angriff 3 Deutschland Chris Führich
17%
Mittelfeld 61 Deutschland Daniel Halfar
17%
Abwehr 28 Slowakei Dusan Svento
17%
Abwehr 16 Serbien Filip Mladenovic
17%
Abwehr 6 Deutschland Matthias Bader
17%
Mittelfeld 19 Deutschland Sascha Bigalke
17%
Angriff 19 Deutschland Sebastian Freis
17%
Abwehr 12 Deutschland Tim Handwerker
17%
Abwehr 35 Deutschland Sascha Riether
16%
Abwehr 8 Japan Tomoaki Makino
16%
Angriff 20 Albanien Odise Roshi
15%
Mittelfeld 14 Deutschland Johannes Geis
14%
Mittelfeld 8 Deutschland Marcel Hartel
14%
Abwehr 1 Deutschland Meiko Sponsel
14%
Mittelfeld 12 Deutschland Niklas Hauptmann
14%
Angriff 3 Burkina Faso Wilfried Sanou
14%
Abwehr 16 Brasilien Andrézinho
13%
Mittelfeld 2 Dänemark Nikolas Nartey
13%
Angriff 1 Deutschland Oliver Schmitt
13%
Mittelfeld 19 Deutschland/Türkei Taner Yalcin
13%
Angriff 25 Polen Kacper Przybylko
12%
Abwehr 11 Serbien Sava-Arangel Cestic
12%
Mittelfeld 1 Nordmazedonien Darko Churlinov
11%
Angriff 15 Österreich Philipp Hosiner
11%
Angriff 9 Rumänien Alexandru Ionita
10%
Angriff 29 Österreich Daniel Royer
10%
Abwehr 1 Deutschland Lukas Kübler
10%
Abwehr 16 Tunesien Ammar Jemal
9%
Abwehr 14 Brasilien Bruno Nascimento
9%
Angriff 13 Deutschland Maurice Exslager
9%
Mittelfeld 4 Deutschland Reinhold Yabo
8%
Abwehr 6 Spanien Roman Golobart
8%
Mittelfeld 24 Deutschland Tobias Strobl
8%
Mittelfeld 2 Deutschland Christopher Buchtmann
7%
Abwehr 26 Portugal Sereno
7%
Abwehr 8 Deutschland Stephan Salger
7%
Mittelfeld 6 Tschechien Tomas Ostrák
7%
Mittelfeld 104 Polen Adam Matuszczyk
6%
Mittelfeld 2 Marokko Anas Ouahim
6%
Abwehr 2 Norwegen Birk Risa
6%
Abwehr 4 Deutschland Christopher Schorch
6%
Mittelfeld 1 Deutschland Fabian Schnellhardt
5%
Angriff 1 Angola José-Pierre Vunguidica
5%
Angriff 1 Deutschland Kevin Goden
5%
Abwehr 1 Deutschland Filip Kusic
4%
Keine übereinstimmenden Quizze gefunden
Verteilung der Resultate
Anzahl Personen mit jedem Resultat
Perzentil nach korrekt beantworteten Fragen
Ihre Resultats-Entwicklung
Sie haben dieses Quiz noch nicht gespielt